[Event "Challenge"]
[Site "http://www.queenalice.com/game.php?id=237387"]
[Date "2007.7.10"]
[Round "-"]
[White "giancarlo"]
[Black "mrGAD"]
[Result "1-0"]
[WhiteElo "1272"]
[BlackElo "1356"]

1. e4 e5 2. Bc4 Nh6 3. Nf3 d6 4. d3 c6 5. Nc3 b5 6. Bb3 a5 7. a4 Be6 8. Bxe6
fxe6 9. axb5 d5 10. Nxe5 Qc7 11. Bf4 Bd6 12. d4 O-O 13. Bxh6 cxb5 14. Nxb5 Qc6
15. Nxc6 Nxc6 16. Qg4 Rf7 17. Nxd6 Rd7 18. Qxe6+ Kh8 19. Qxd7 gxh6 20. Qxc6 Rg8
21. Qxd5 1-0

[Event "which me will turn up?!:)"]
[Site "http://www.queenalice.com/game.php?id=238211"]
[Date "2007.7.11"]
[Round "-"]
[White "mustangmike"]
[Black "mrGAD"]
[Result "1-0"]
[WhiteElo "1691"]
[BlackElo "1349"]

1. e4 e5 2. Nf3 f6 3. Bc4 a6 4. O-O b5 5. Bd5 c6 6. Bxg8 Rxg8 7. b4 Bxb4 8. d4
Bd6 9. Be3 g5 10. Nfd2 g4 11. f4 exf4 12. Bxf4 Bb4 13. a3 Bf8 14. Re1 Bg7 15. e5
Qb6 16. Be3 h5 17. d5 Qc7 18. Bd4 fxe5 19. Qe2 Kd8 20. Qe4 Re8 21. Qg6 Re7 22.
Qg5 d6 23. Be3 cxd5 24. Rf1 Nd7 25. Rf7 Qxc2 26. Bb6+ Nxb6 27. Qxe7# 1-0

[Event "Challenge/Revanche"]
[Site "http://www.queenalice.com/game.php?id=238464"]
[Date "2007.7.11"]
[Round "-"]
[White "giancarlo"]
[Black "mrGAD"]
[Result "1-0"]
[WhiteElo "1449"]
[BlackElo "1349"]

1. e4 e5 2. Bc4 Bc5 3. Nf3 Qf6 4. Nc3 c6 5. d3 b5 6. Bb3 a5 7. a3 a4 8. Ba2 Nh6
9. Bg5 Qg6 10. Bxh6 gxh6 11. Nxe5 Qxg2 12. Qf3 Bxf2+ 13. Qxf2 Qxh1+ 14. Kd2 Qxa1
15. Qxf7+ Kd8 16. Qf6+ Kc7 17. Qxh8 Qg1 18. Nf7 Qxh2+ 19. Ne2 Na6 20. Qd8+ Kb8
21. e5 Nb4 22. axb4 a3 23. Nd6 axb2 24. Qxc8+ Ka7 25. Qb7# 1-0

[Event "Phili your profile in ;)"]
[Site "http://www.queenalice.com/game.php?id=238492"]
[Date "2007.7.11"]
[Round "-"]
[White "mrGAD"]
[Black "mustangmike"]
[Result "0-1"]
[WhiteElo "1347"]
[BlackElo "1693"]

1. e4 c5 2. d4 cxd4 3. Qxd4 Nc6 4. Qe3 e5 5. h4 d5 6. Qg5 Be7 7. Qxg7 Bf6 8. Qg3
dxe4 9. Bg5 Nd4 10. Na3 h6 11. O-O-O hxg5 12. Bb5+ Bd7 13. c3 Nc6 14. Ne2 gxh4
15. Rxh4 Bxh4 16. Qg7 Bf6 17. Qg3 a6 18. Bc4 Bg5+ 19. f4 Bxf4+ 20. Nxf4 exf4 21.
Qxf4 Nf6 22. Rd6 b5 23. Bxf7+ Kxf7 24. b3 Qe7 25. c4 Rag8 26. g3 Rg4 27. Rxf6+
Qxf6 28. Qxg4 Bxg4 29. cxb5 Qf2 30. bxc6 Rh1# 0-1

[Event "xadres campeon,general:)"]
[Site "http://www.queenalice.com/game.php?id=238768"]
[Date "2007.7.12"]
[Round "-"]
[White "mrGAD"]
[Black "marcosbratz"]
[Result "0-1"]
[WhiteElo "1336"]
[BlackElo "1661"]

1. b4 e5 2. e4 Bxb4 3. c3 Be7 4. Qh5 d6 5. Bb5+ Bd7 6. Bc4 g6 7. Qf3 Nh6 8. d3
g5 9. h4 f6 10. Qh5+ Kf8 11. Qxh6+ Ke8 12. Qg7 Rf8 13. Bf7+ Rxf7 14. Qg8+ Bf8
15. hxg5 Rg7 16. Qd5 c6 17. Qc4 fxg5 18. d4 b5 19. Qe2 Na6 20. Qh5+ Ke7 21.
Bxg5+ Rxg5 22. Qxg5+ Ke8 23. Qxd8+ Kxd8 24. Nd2 h6 25. Ngf3 Kc7 26. dxe5 Bg7 27.
exd6+ Kxd6 28. e5+ Kd5 29. Rh5 Bg4 30. Rh4 h5 31. Nd4 Bxe5 32. f3 Bg3+ 33. Kf1
Bxh4 34. fxg4 Rf8+ 35. N4f3 hxg4 36. Rd1 gxf3 37. Nxf3+ Kc4 38. Rd4+ Kxc3 39.
Rxh4 Nb4 40. a3 Nd3 41. Rh6 Ne5 42. Ke2 Nxf3 43. Rxc6+ Kb3 44. gxf3 Kxa3 45.
Ra6+ Kb4 46. Rxa7 Re8+ 47. Kf2 Kc5 48. Ra1 b4 49. f4 Rf8 50. Kf3 b3 51. Rb1 Kc4
52. Rd1 b2 53. Rb1 Kc3 54. Rxb2 Kxb2 55. Kg4 Kc3 56. f5 Kd4 57. Kg5 Ke5 58. Kg6
Rxf5 59. Kh6 Kf6 60. Kh7 Rg5 61. Kh6 Rg1 62. Kh5 Kf5 63. Kh4 Kf4 64. Kh5 Rg2 65.
Kh6 Kf5 66. Kh5 Rh2# 0-1

[Event "Pollo al Espiedo"]
[Site "http://www.queenalice.com/game.php?id=239544"]
[Date "2007.7.13"]
[Round "1"]
[White "rbivanov"]
[Black "mrGAD"]
[Result "1-0"]
[WhiteElo "1346"]
[BlackElo "1345"]

1. e4 e5 2. Nf3 d6 3. Bc4 Nh6 4. Nc3 a6 5. d4 b5 6. Bb3 Qe7 7. dxe5 b4 8. exd6
Qxd6 9. Qxd6 Bxd6 10. Be3 bxc3 11. bxc3 O-O 12. O-O c5 13. Rad1 Rd8 14. Bxc5 Bc7
15. Ne5 Rxd1 16. Rxd1 g5 17. Bd5 Bxe5 18. Bxa8 Bxc3 19. Rd8+ Kg7 20. Rxc8 Nd7
21. Ba3 Be5 22. Rd8 Nb6 23. Bf8+ Kg6 24. Bb7 Bc7 25. Rd3 Nc4 26. Bxa6 Ne5 27.
Rh3 Nhg4 28. Bc8 h5 29. Rc3 Bb6 30. Bc5 Ba5 31. Rb3 Be1 32. Rb6+ Kg7 33. Bxg4
Nxg4 34. Bd4+ f6 35. a4 h4 36. Rb5 Kg6 37. a5 Bxf2+ 38. Bxf2 f5 39. exf5+ Kf6
40. a6 Nxf2 41. Kxf2 g4 42. a7 g3+ 43. hxg3 hxg3+ 44. Kxg3 Kg5 45. a8=Q Kf6 46.
Qc6+ Ke7 47. Rb7+ Kd8 48. Qh6 Kc8 49. Rg7 Kd8 50. Qh8# 1-0

[Event "kicking ass wot!"]
[Site "http://www.queenalice.com/game.php?id=240608"]
[Date "2007.7.16"]
[Round "-"]
[White "mrGAD"]
[Black "mustangmike"]
[Result "0-1"]
[WhiteElo "1329"]
[BlackElo "1695"]

1. c4 e5 2. e4 Nf6 3. Nc3 Bc5 4. Nh3 d6 5. Qa4+ c6 6. b4 Bd4 7. Bb2 Bxc3 8. Bxc3
Nxe4 9. Bb2 Bxh3 10. gxh3 Qh4 11. O-O-O Nxf2 12. Rg1 Nxd1 13. Qxd1 g6 14. c5
Qxb4 15. cxd6 Qc5+ 16. Kb1 Qxg1 17. Bxe5 O-O 18. Qf3 Nd7 19. Bc3 Rae8 20. Kc2
Re6 21. Qf4 Qc5 22. Bc4 Rxd6 23. Qh6 Nf6 24. Qf4 Qf5+ 25. Qxf5 gxf5 26. Bb4 Rd4
27. d3 Rh4 28. Bxf8 Kxf8 29. a4 Rxh3 30. a5 Rxh2+ 31. Kc3 a6 32. Kb4 Nd5+ 33.
Kc5 h5 34. Kd6 h4 35. Bxd5 cxd5 36. Kc7 h3 37. Kxb7 Ra2 38. Kxa6 h2 39. Kb6 h1=Q
40. a6 d4 41. a7 Qa8 0-1

[Event "master blaster;)"]
[Site "http://www.queenalice.com/game.php?id=241262"]
[Date "2007.7.17"]
[Round "-"]
[White "mrGAD"]
[Black "rbivanov"]
[Result "0-1"]
[WhiteElo "1351"]
[BlackElo "1369"]

1. Nf3 d5 2. d4 e6 3. c3 Bd6 4. b4 Nc6 5. g4 Nge7 6. Qd3 e5 7. b5 e4 8. Qe3 Bxg4
9. Ng1 Ng6 10. f3 Bf5 11. Qg5 Qxg5 12. Bxg5 h6 13. Bc1 O-O 14. bxc6 bxc6 15. Bg2
Rfe8 16. Nd2 Nf4 17. Bf1 exf3 18. Ngxf3 Nd3+ 19. Kd1 Nf2+ 20. Ke1 Nxh1 21. Bg2
Bd3 22. Bxh1 Rxe2+ 23. Kd1 Bxh2 24. Nxh2 Rxh2 25. Bf3 Re8 26. Nf1 Bxf1 27. Bh1
Rxh1 28. Kd2 Bc4 29. Kc2 Re2+ 30. Bd2 Rxa1 31. Kb2 Rxa2+ 0-1

[Event "David Beckham has landed in the "]
[Site "http://www.queenalice.com/game.php?id=241267"]
[Date "2007.7.17"]
[Round "-"]
[White "mustangmike"]
[Black "mrGAD"]
[Result "1-0"]
[WhiteElo "1672"]
[BlackElo "1331"]

1. e4 e5 2. Nf3 Bc5 3. Nxe5 Qf6 4. Nd3 Bb6 5. Nc3 c5 6. Nd5 Qh4 7. g3 Qxe4+ 8.
Ne3 Qxh1 9. Ng2 Ne7 10. Qh5 c4 11. Ndf4 Qg1 12. Qe2 Qxh2 13. Nd5 Bc5 14. Qe4 Qg1
15. Qf3 O-O 16. Nc7 Qxf2+ 17. Qxf2 Bxf2+ 18. Kxf2 b5 19. Nxa8 Bb7 20. Nc7 a6 21.
d4 Rc8 22. Bf4 Nf5 23. Re1 h6 24. c3 g5 25. Bd2 Rxc7 26. Re8+ Kg7 27. Rxb8 a5
28. Re8 Bd5 29. Re5 Be6 30. Rxb5 Kg6 31. Rxa5 h5 32. b3 h4 33. g4 Ng3 34. Be2
Nh1+ 35. Kg1 Ng3 36. Bf3 f5 37. b4 h3 38. Ne3 Ne4 39. gxf5+ Bxf5 40. Ra6+ Nf6
41. Nd5 Rc6 42. Ne7+ Kf7 43. Nxc6 g4 44. Ne5+ Ke7 45. Be2 Be4 46. Kh2 d6 47.
Nc6+ Kd7 48. b5 Nd5 49. Bxg4+ Kc7 50. Kxh3 Nf6 51. Be6 Nd7 52. d5 Nc5 53. Ra7+
Kb6 54. a4 Nxe6 55. Be3+ Nc5 56. Bc1 Bxd5 57. Ba3 Ne4 58. a5+ Kxb5 59. Nb4 Ka4
60. Nxd5 Kb3 61. a6 Nxc3 62. Bxd6 Nxd5 63. Rb7+ Ka4 64. a7 Ka5 65. a8=R# 1-0

[Event "Challenge"]
[Site "http://www.queenalice.com/game.php?id=242326"]
[Date "2007.7.19"]
[Round "-"]
[White "pollo"]
[Black "mrGAD"]
[Result "1-0"]
[WhiteElo "1481"]
[BlackElo "1329"]

1. d4 d5 2. Na3 Nh6 3. e3 e6 4. Bd3 Bd6 5. e4 Qf6 6. Nh3 Qxd4 7. Bb5+ Nc6 8.
Bxc6+ bxc6 9. Qxd4 O-O 10. b3 c5 11. Qe3 e5 12. exd5 Re8 13. Qg3 Nf5 14. Qf3 Nd4
15. Qg3 Nxc2+ 16. Nxc2 a5 17. Bh6 e4 18. Qxg7# 1-0

[Event "jogando xadrez?"]
[Site "http://www.queenalice.com/game.php?id=243039"]
[Date "2007.7.21"]
[Round "-"]
[White "marcosbratz"]
[Black "mrGAD"]
[Result "1-0"]
[WhiteElo "1650"]
[BlackElo "1319"]

1. e4 e5 2. Nf3 d6 3. d4 Qf6 4. Bg5 Qg6 5. h4 Qxe4+ 6. Be2 h6 7. Nc3 Qg4 8. Nxe5
Qxg2 9. Bf3 Qxh1+ 10. Bxh1 hxg5 11. Nf3 Bg4 12. Qd3 gxh4 13. O-O-O Ne7 14. Qe4
Bf5 15. Qxb7 Nbc6 16. Qxa8+ Nd8 17. Re1 Bd7 18. Nd5 g6 19. Nxc7# 1-0

[Event "What's your tipple?"]
[Site "http://www.queenalice.com/game.php?id=243632"]
[Date "2007.7.22"]
[Round "-"]
[White "mrGAD"]
[Black "mustangmike"]
[Result "0-1"]
[WhiteElo "1313"]
[BlackElo "1678"]

1. e4 e6 2. d4 d5 3. e5 f5 4. h4 c5 5. Bg5 Be7 6. Be3 Nc6 7. a3 Bxh4 8. g3 Be7
9. Nh3 h6 10. Qh5+ Kd7 11. c3 cxd4 12. cxd4 Qf8 13. Ng5 Bxg5 14. Bxg5 Nd8 15.
Nd2 Nf7 16. Bb5+ Kc7 17. Rc1+ Kb8 18. Rc3 Nxg5 19. f4 Nf7 20. O-O Ne7 21. Rfc1
g6 22. Qh3 g5 23. Qg2 gxf4 24. Kf2 Rg8 25. Rg1 fxg3+ 26. Rxg3 Rh8 27. Nb3 a6 28.
Be2 Nc6 29. Rg6 Ne7 30. Rg3 Qd8 31. Rg7 Ng5 32. Bh5 Qb6 33. Rxe7 Qxb3 34. Bd1
Qxb2+ 35. Be2 Ne4+ 36. Ke1 Qa1+ 37. Bd1 Qxa3 38. Qc2 Qxe7 39. Qg2 Qb4+ 40. Kf1
Qxd4 41. Qf2 Nxf2 0-1

[Event "It was a great game again!"]
[Site "http://www.queenalice.com/game.php?id=244064"]
[Date "2007.7.23"]
[Round "-"]
[White "mrGAD"]
[Black "pollo"]
[Result "1/2-1/2"]
[WhiteElo "1307"]
[BlackElo "1409"]

1. e4 d5 2. Qe2 dxe4 3. Qxe4 Nf6 4. Qd3 e6 5. Qxd8+ Kxd8 6. Nf3 Nc6 7. d4 e5 8.
dxe5 Nd5 9. Bg5+ f6 10. exf6 Nxf6 11. Bf4 Nb4 12. Na3 Nbd5 13. Be5 b5 14. Bxb5
Rb8 15. O-O Bxa3 16. Ng5 Rf8 17. bxa3 Rxb5 18. c4 Rc5 19. Rac1 Re8 20. Nf7+ Kd7
21. Rfd1 Ke7 22. Ng5 h6 23. Nh7 Nb6 24. Nxf6 Rf8 25. Nd5+ Nxd5 26. Rxd5 Rxd5 27.
cxd5 Rd8 28. Rxc7+ Ke8 29. d6 g5 30. g4 a5 31. d7+ Bxd7 32. h3 Ke7 33. Rc5 Be6
34. Rc7+ Rd7 1/2-1/2

[Event "My amigo!"]
[Site "http://www.queenalice.com/game.php?id=244104"]
[Date "2007.7.23"]
[Round "-"]
[White "mrGAD"]
[Black "marcosbratz"]
[Result "0-1"]
[WhiteElo "1316"]
[BlackElo "1633"]

1. d4 d5 2. c3 Bf5 3. h3 h5 4. Qa4+ c6 5. Nf3 b5 6. Qb3 Nd7 7. a4 Qa5 8. Qb4 Qc7
9. Nh4 Bh7 10. g3 e5 11. Qb3 Rb8 12. e3 Qa5 13. Qb4 Qc7 14. Qb3 bxa4 15. Qa2
Ngf6 16. f3 Nb6 17. Na3 Be7 18. Nb5 cxb5 19. Bxb5+ Nfd7 20. Bd2 exd4 21. exd4
Qxg3+ 22. Ke2 Bxh4 23. Rag1 Qf2+ 24. Kd1 Qxf3+ 25. Kc1 O-O 26. Rf1 Bf2 27. Qa3
Rfe8 28. Qd6 Qf5 29. Qa3 Qc2# 0-1

[Event "Wet in the UK!"]
[Site "http://www.queenalice.com/game.php?id=245524"]
[Date "2007.7.25"]
[Round "-"]
[White "mustangmike"]
[Black "mrGAD"]
[Result "1-0"]
[WhiteElo "1680"]
[BlackElo "1311"]

1. e4 e5 2. Bc4 a6 3. Qf3 Qf6 4. Qe3 b5 5. Bd5 c6 6. Bb3 c5 7. c4 Nc6 8. Nf3 Qd6
9. cxb5 Nb4 10. Na3 Nd3+ 11. Kd1 Nxc1 12. Rxc1 Qh6 13. Qc3 Bb7 14. Qxe5+ Be7 15.
Qc7 Bxe4 16. Ne5 Bd6 17. Qxd7+ Kf8 18. Qxf7# 1-0

[Event "yavol her mayol;)"]
[Site "http://www.queenalice.com/game.php?id=246028"]
[Date "2007.7.26"]
[Round "-"]
[White "marcosbratz"]
[Black "mrGAD"]
[Result "1-0"]
[WhiteElo "1677"]
[BlackElo "1309"]

1. e4 e5 2. Nf3 Qf6 3. d4 Nc6 4. Bb5 a6 5. dxe5 Nxe5 6. Be2 b5 7. Nc3 h6 8. Nd5
Qd6 9. Bf4 f6 10. O-O g5 11. Bg3 Bb7 12. Nxe5 fxe5 13. c4 O-O-O 14. cxb5 Kb8 15.
bxa6 Bxa6 16. Bxa6 Qxa6 17. Bxe5 Rh7 18. Bxc7+ Kc8 19. Bxd8 Kxd8 20. Qc2 Rf7 21.
Qc7+ Ke8 22. Qb8+ 1-0

[Event "for a patient man;)"]
[Site "http://www.queenalice.com/game.php?id=246120"]
[Date "2007.7.26"]
[Round "-"]
[White "mustangmike"]
[Black "mrGAD"]
[Result "0-1"]
[WhiteElo "1654"]
[BlackElo "1311"]

1. e4 e5 2. Nf3 d6 3. Bc4 Nh6 4. d4 Qf6 5. Nc3 Be7 6. d5 Ng4 7. Bg5 Nxf2 8. Kxf2
Qg6 9. Bxe7 Kxe7 10. h3 a6 11. Nh4 Qg5 12. Nf3 Qf4 13. g3 Qf6 14. g4 h5 15. g5
Qf4 16. h4 Bg4 17. Ne2 Qxf3+ 18. Kg1 Qxe4 19. b3 b5 20. Bd3 Qe3+ 21. Kf1 Qf3+
22. Kg1 Qe3+ 23. Kf1 e4 24. Rg1 Qf3+ 25. Ke1 exd3 26. Qxd3 Qxd3 27. cxd3 Re8 28.
Nc3 Kf8+ 29. Kd2 Nd7 30. Rgf1 Re7 31. a3 Nc5 32. Rab1 a5 33. Nxb5 a4 34. b4 Nb3+
35. Kc3 Re2 36. g6 f6 37. Nxc7 Rc8 38. Kc4 Rxc7+ 39. Kb5 Nd2 0-1

[Event "My American friend!"]
[Site "http://www.queenalice.com/game.php?id=247778"]
[Date "2007.7.29"]
[Round "-"]
[White "marcosbratz"]
[Black "mrGAD"]
[Result "1-0"]
[WhiteElo "1663"]
[BlackElo "1341"]

1. e4 e5 2. Nf3 f6 3. Nxe5 h5 4. Ng6 Rh7 5. Nxf8 Kxf8 6. Bc4 Qe7 7. d3 a6 8. O-O
b5 9. Bb3 c6 10. Bxg8 Kxg8 11. Bd2 g5 12. Nc3 c5 13. Nd5 Qe6 14. f4 Ra7 15. fxg5
Qg4 16. Nxf6+ Kg7 17. Nxg4 d6 18. Nh6 Kg6 19. Rf8 Rac7 20. Qf1 Nd7 21. Qf5+ 1-0

[Event "Matheus my amigo:)"]
[Site "http://www.queenalice.com/game.php?id=248439"]
[Date "2007.7.31"]
[Round "-"]
[White "mrGAD"]
[Black "marcosbratz"]
[Result "0-1"]
[WhiteElo "1325"]
[BlackElo "1625"]

1. c4 e5 2. e4 Nf6 3. Bd3 Bb4 4. a3 Bc5 5. h3 O-O 6. Nf3 d6 7. b4 Bd4 8. Ra2 Be6
9. Ng5 Bd7 10. b5 c6 11. O-O b6 12. Bb2 c5 13. Bxd4 cxd4 14. g4 Nxg4 15. hxg4
Qxg5 16. Qf3 Bxg4 17. Qg2 h6 18. f3 Bh3 19. Qxg5 hxg5 20. Rf2 Nd7 21. Rh2 Be6
22. Be2 f6 23. d3 Kf7 24. Bd1 Rh8 25. Rh1 Rxh1+ 26. Kxh1 Rh8+ 27. Kg1 Rh4 28.
Re2 g4 29. Rh2 g5 30. Kg2 gxf3+ 31. Bxf3 Bg4 32. Nd2 Rxh2+ 33. Kxh2 Bxf3 34.
Nxf3 Nc5 35. Nd2 Kg6 36. Kg3 f5 37. Kf3 Nxd3 38. a4 g4+ 39. Kg3 Kg5 40. Nf3+
gxf3 41. Kxf3 f4 42. Ke2 Nc5 43. Kf3 Nxa4 44. Ke2 Kg4 45. Kf2 d3 46. Ke1 Kg3 47.
Kd2 Nc5 0-1

[Event "Prince Shiguer"]
[Site "http://www.queenalice.com/game.php?id=249555"]
[Date "2007.8.2"]
[Round "-"]
[White "mrGAD"]
[Black "shiguer"]
[Result "0-1"]
[WhiteElo "1327"]
[BlackElo "1680"]

1. c4 e5 2. e4 c6 3. Be2 d5 4. Na3 Bxa3 5. bxa3 dxc4 6. Bxc4 Qd4 7. Bxf7+ Kxf7
8. Qh5+ g6 9. Qf3+ Nf6 10. Rb1 Be6 11. Rxb7+ Nd7 12. Bb2 Qxe4+ 13. Qxe4 Nxe4 14.
Bxe5 Rhd8 15. Nf3 Bxa2 16. O-O Ke6 17. Ra1 Nec5 18. Rb4 Nxe5 0-1

[Event "Other?"]
[Site "http://www.queenalice.com/game.php?id=249556"]
[Date "2007.8.2"]
[Round "-"]
[White "mrGAD"]
[Black "shiguer"]
[Result "0-1"]
[WhiteElo "1329"]
[BlackElo "1678"]

1. e4 e5 2. Qf3 d5 3. Qd3 c6 4. a3 Na6 5. c3 Nc5 6. Qf3 Nb3 7. Ra2 Nxc1 8. b4
Nxa2 9. c4 a5 10. cxd5 axb4 11. Qd3 Nc1 12. Qc2 bxa3 13. Nxa3 Rxa3 14. Qxc1 Qa5
15. Nf3 Ra1 16. Qxa1 Qxa1+ 17. Ke2 Bc5 0-1